Kis prakar ki he yah bharatiyata/ (Record no. 24307)

000 -LEADER
fixed length control field 00360nam a22001451a 4500
020 ## - INTERNATIONAL STANDARD BOOK NUMBER
ISBN 9788171196302
082 ## - DEWEY DECIMAL CLASSIFICATION NUMBER
Classification number H 954
Item number ANA/K
100 ## - MAIN ENTRY--AUTHOR NAME
Personal name Anantmurrti U R
245 ## - TITLE STATEMENT
Title Kis prakar ki he yah bharatiyata/
Statement of responsibility, etc by Anantmurrti U R
260 ## - PUBLICATION, DISTRIBUTION, ETC. (IMPRINT)
Place of publication New Delhi:
Name of publisher Radhakrishna,
Year of publication 2004.
300 ## - PHYSICAL DESCRIPTION
Number of Pages 140p.
650 ## - SUBJECT ADDED ENTRY--TOPICAL TERM
Topical Term History India
650 ## - SUBJECT ADDED ENTRY--TOPICAL TERM
Topical Term History
942 ## - ADDED ENTRY ELEMENTS (KOHA)
Koha item type Book
Holdings
Withdrawn status Lost status Damaged status Not for loan Permanent Location Current Location Date acquired Cost, normal purchase price Full call number Accession Number Cost, replacement price Price effective from Koha item type
        Sree Sankaracharya University of Sanskrit Sree Sankaracharya University of Sanskrit 08.01.2015 150.00 H 954 ANA/K 054343 0.00 08.01.2015 Book